000 00591nam a2200205Ia 4500
003 GCL
008 140319s9999 xx 000 0 ara d
040 _aGCL /
_cGCL
082 0 4 _a414.3
_bب ل
100 1 _aبارط، دولان
245 1 0 _aلذة النص /
_cبارط، دولان
700 1 _aفؤاد صنعا
700 1 _aالحسين سبحان
260 _aالمغرب :
_bدار توبقال للنشر ،
_c1973
300 _a65 ص ؛
_c22 سم
490 _aالمعرفة الادبية
_v0
650 0 4 _aالادب
650 0 4 _aالبلاغة
942 _2ddc
_cBK
999 _c41182
_d41182